000 00975nam1a2200289 i 4500
001 RU\NLR\BIBL_A\012004716
005 20240922020555.0
035 _a(NLR Aleph) 012004716
090 _a11422066
_c11422066
100 _a20190506g2018 d y0rusy50 ca
101 1 _arus
_cund
102 _aRU
105 _a| t |||||
200 1 _aСтранные дела
_e[комикс]
_fУсио Сиротори
_g[переводчик: Е. Фартушная]
210 _aМосква
_cИстари Комикс
_d2018
215 _d19
686 0 _aШ9(5Я)62-4
686 1 _aЩ153(5Я)6-475
702 1 _4570
_7ca
_8rus
_aСиротори
_bУ.
_gУсио
_9206349
_3RU\NLR\AUTH\770206401
702 1 _4040
_7ca
_8rus
_aСиротори
_bУ.
_gУсио
_9206349
_3RU\NLR\AUTH\770206401
852 _aNLR
_j2019-3/12435
942 _cBOOK